000 00740naa a2200217 i 4500
001 8457
003 ES-MaBCM
005 20241016091248.0
008 900207s1989 gbr 000 0 eng d
021 _axx
035 _a(OCoLC)1365171158
040 _cES-MaBCM
041 0 _aeng
043 _agbr
245 0 0 _aUnderstanding party system change in western Europe
520 _aNº monográfico que estudia la situación de los sistemas de partidos políticos en Austria, Bélgica, Dinamarca, Francia, Holanda, RFA, Italia, Irlanda, Noruega
650 2 7 _aSistema de partidos
_960271
651 4 _aEuropa occidental
_9115464
773 0 _aEn:
_tWest European politics
_dLondon : 1989
_w104780
_gnº 4, octubre ; p. 1-191
942 _cAREV
999 _c8457
_d8457